| 000 | 00862aam a2200289 i 4500 | ||
|---|---|---|---|
| 001 | 14131 | ||
| 003 | CO-MdBIC | ||
| 005 | 20210904100653.0 | ||
| 008 | 210904t2005 ck abo|| |||| 00| 0 eng d | ||
| 020 | _a958-693-848-4 | ||
| 040 |
_bspa. _aCO-MdFUSB _cCO-MdFUSB _dCO-MdFUSBC _erda |
||
| 041 | _aspa | ||
| 082 | 0 | 4 | _aR 711.4 C7187c |
| 110 | 1 | _aEl Colombiano | |
| 245 | 1 | 0 |
_aLas 100 ciudades más hermosas del mundo : Un viaje a través de los cinco continentes _c/ |
| 260 | _aBogotá : Periódicos Asociados | ||
| 264 | 1 |
_aBogotá : _bPeriódicos Asociados Ltda. _c[2005] |
|
| 264 | 4 | _c© 2005 | |
| 300 |
_a208 Pág. _c; |
||
| 336 |
_2rdacontent _atexto _btxt |
||
| 337 |
_2rdamedia _asin mediación _bn |
||
| 338 |
_2rdacarrier _avolumen _bnc |
||
| 653 | _aLas 100 ciudades | ||
| 653 | _amas hermosas del mundo | ||
| 942 | _cBK | ||
| 945 | _aEstudiante | ||
| 999 |
_c43042 _d43042 |
||